Zákon o výkone rozhodnutia o zaistení majetku a správe zaisteného majetku Zákon č. 312/2020 Z. z. o výkone rozhodnutia o zaistení majektu a správe zaisteného majetku a o zmene a doplnení niektorých zákonov s komentárom
Zákon č. 312/2020 Z. z. o výkone rozhodnutia o zaistení majektu a správe zaisteného majetku. Ciele a charakteristika zákonu. Definovanie zaistenia majetku. Zmeny a doplnenia niektorých zákonov v súvislosti s novým zákonom.
Salvato in:
| Autore principale: | |
|---|---|
| Natura: | Capitolo di libro |
| Lingua: | slovacco |
| Soggetti: | |
| Tags: |
Nessun Tag, puoi essere il primo ad aggiungerne!!
|
MARC
| LEADER | 00000naa a2200000 4500 | ||
|---|---|---|---|
| 001 | 0273442 | ||
| 005 | 20210504130032.9 | ||
| 041 | 0 | |a slo | |
| 044 | |a SK | ||
| 245 | 1 | 0 | |a Zákon o výkone rozhodnutia o zaistení majetku a správe zaisteného majetku |b Zákon č. 312/2020 Z. z. o výkone rozhodnutia o zaistení majektu a správe zaisteného majetku a o zmene a doplnení niektorých zákonov s komentárom |c Štefan Rišianský |
| 520 | |a Zákon č. 312/2020 Z. z. o výkone rozhodnutia o zaistení majektu a správe zaisteného majetku. Ciele a charakteristika zákonu. Definovanie zaistenia majetku. Zmeny a doplnenia niektorých zákonov v súvislosti s novým zákonom. | ||
| 610 | 2 | 0 | |a legislatíva |
| 610 | 2 | 0 | |a predpisy právne |
| 610 | 2 | 0 | |a majetok |
| 610 | 2 | 0 | |a činnosť trestná |
| 610 | 2 | 0 | |a pohľadávky |
| 610 | 2 | 0 | |a Slovensko |
| 100 | 1 | |a Rišianský, Štefan | |